Parque Natural de Sant Llorenç del Munt i l'Obac
Descripción Física:
[5] p. : il. col. ; 21 cm, 44 x 33 despleg.
MARC
| LEADER | 00000nam a2200000Ia 4500 | ||
|---|---|---|---|
| 001 | 14981 | ||
| 008 | 160829s2001 xx 000 0 cat d | ||
| 080 | |a FU-41-38 | ||
| 100 | |a Parc Natural de Sant Llorenç del Munt i l'Obac | ||
| 245 | |a Parque Natural de Sant Llorenç del Munt i l'Obac | ||
| 250 | |a Ed. en castellano | ||
| 260 | |a [Barcelona] : |b Diputació de Barcelona, Servei de Parcs Naturals, |c 2001 | ||
| 300 | |a [5] p. : |b il. col. ; |c 21 cm, 44 x 33 despleg. | ||
| 590 | |a Inclou un mapa de la zona. | ||
| 590 | |a Existeix una edició en català | ||
| 610 | 1 | 0 | |a Parc Natural de Sant Llorenç del Munt i l'Obac (Catalunya) |v Guies |9 52718 |
| 901 | |a Arxiu | ||
| 942 | |n 1 | ||
| 952 | |0 0 |1 0 |4 0 |6 FU4138 |7 1 |9 53268 |a Arxiu |b Arxiu |d 2016-12-01 |l 0 |o FU-41-38 |p 14981 |r 2016-12-01 00:00:00 |w 2016-12-01 |y ARXIU | ||
| 999 | |c 57132 |d 57132 | ||